|
|
|
|
| LEADER |
01187nam a2200265 a 4500 |
| 001 |
447873 |
| 008 |
090429s1981 dcua b 000 0 eng d |
| 010 |
|
|
|a \\\82124348
|
| 040 |
|
|
|a DLC
|c DLC
|d DLC
|
| 082 |
0 |
0 |
|a 614.4/4
|2 19
|
| 100 |
1 |
|
|a Pineo, Charles S.
|
| 245 |
1 |
0 |
|a Environmental sanitation and integrated health delivery programs /
|c by Charles S. Pineo, David W. Schnare, G. Wade Miller.
|
| 260 |
|
|
|a Washington, D.C. (1015 Fifteenth St., N.W., Washington 20005) :
|b American Public Health Association, International Health Programs,
|c 1981.
|
| 300 |
|
|
|a 82 p. :
|b ill. ;
|c 23 cm.
|
| 490 |
1 |
|
|a American Public Health Association, International Health Programs monograph series ;
|v no. 4
|
| 500 |
|
|
|a "Contracts AID/ta-C-1320; AID/DSPE-C-0053."
|
| 504 |
|
|
|a Bibliography: p. 77-81.
|
| 541 |
1 |
|
|e 00001517
|
| 650 |
|
0 |
|a Environmental health.
|
| 650 |
|
0 |
|a Sanitation.
|
| 700 |
1 |
|
|a Schnare, David W.
|
| 700 |
1 |
|
|a Miller, G. Wade.
|
| 852 |
4 |
|
|a Ayesha Abed Library
|j General shelf
|
| 999 |
|
|
|c 8562
|d 8562
|
| 952 |
|
|
|0 0
|1 0
|2 ddc
|4 0
|6 614_440000000000000_PIN_1981
|7 0
|9 10183
|a BRACUL
|b BRACUL
|c GEN
|d 2010-05-16
|g 0.00
|l 0
|o 614.44 PIN
|p 3010001517
|r 2010-05-16
|t 1
|w 2010-05-16
|y BK
|z Not price in Register
|